Loading...
| Social Science | 0 | 6 | 0 | 1 | 60 | 73 | 101.83 | 5 | 6 | 0.00 | 0.00 |
| History - World | 3 | 1 | 1 | 1 | 50 | 54 | 80.25 | 3 | 4 | 0.00 | 0.00 |
| History - Other | 2 | 1 | 0 | 1 | 40 | 47 | 84.33 | 2 | 3 | 0.00 | 0.00 |
| Philosophy | 1 | 3 | 1 | 0 | 40 | 43 | 83.50 | 4 | 4 | 0.00 | 0.00 |
| Current Events | 2 | 1 | 1 | 1 | 35 | 36 | 80.00 | 1 | 3 | 0.00 | 0.00 |
| History - European | 1 | 2 | 0 | 0 | 35 | 74 | 78.00 | 1 | 3 | 0.00 | 0.00 |
| Religion | 1 | 2 | 0 | 1 | 35 | 80 | 99.67 | 3 | 3 | 0.00 | 0.00 |
| Other Academic | 0 | 3 | 0 | 0 | 30 | 106 | 130.00 | 1 | 3 | 0.00 | 0.00 |
| Fine Arts - Other | 0 | 3 | 0 | 0 | 30 | 98 | 114.67 | 2 | 3 | 0.00 | 0.00 |
| Short Fiction and Other | 1 | 1 | 0 | 0 | 25 | 47 | 75.00 | 1 | 2 | 0.00 | 0.00 |
| Mythology | 1 | 1 | 0 | 0 | 25 | 18 | 78.50 | 2 | 2 | 0.00 | 0.00 |
| History - American | 2 | 0 | 1 | 0 | 25 | 44 | 56.00 | 2 | 2 | 0.00 | 0.00 |
| Literature - Long Fiction | 0 | 2 | 0 | 1 | 20 | 143 | 146.00 | 2 | 2 | 0.00 | 0.00 |
| Literature - Drama | 1 | 0 | 0 | 0 | 15 | 79 | 79.00 | 1 | 1 | 0.00 | 0.00 |
| History - Ancient | 1 | 0 | 0 | 0 | 15 | 51 | 51.00 | 1 | 1 | 0.00 | 0.00 |
| Science - Other | 0 | 1 | 0 | 0 | 10 | 94 | 94.00 | 1 | 1 | 0.00 | 0.00 |
| Fine Arts - Classical Music | 0 | 1 | 0 | 0 | 10 | 92 | 92.00 | 1 | 1 | 0.00 | 0.00 |
| Science - Biology | 0 | 0 | 1 | 0 | -5 | 0.00 | 0 | 0 | 0.00 | 0.00 | |
| Science - Physics | 0 | 0 | 1 | 0 | -5 | 0.00 | 0 | 0 | 0.00 | 0.00 | |
| Geography | 0 | 0 | 2 | 0 | -10 | 0.00 | 0 | 0 | 0.00 | 0.00 |